Bruce Springsteen - Born in the U.S.A. (Tracks) - Statistics

General Stats
  • This quiz has been taken 56 times
  • The average score is 8 of 12
Answer Stats
Track Number Track Name % Correct
1 Born in the U.S.A.
100%
11 Dancing in the Dark
94%
6 I'm on Fire
83%
10 Glory Days
73%
12 My Hometown
69%
2 Cover Me
65%
3 Darlington County
65%
8 Bobby Jean
60%
9 I'm Goin' Down
54%
4 Working on the Highway
54%
7 No Surrender
52%
5 Downbound Train
48%
No matching quizzes found
Score Distribution
Percent of People with Each Score
Percentile by Number Answered
Your Score History
You have not taken this quiz